| 000 | 00560nam a2200205Ia 4500 | ||
|---|---|---|---|
| 005 | 20250508170001.0 | ||
| 008 | 008 250505s9999 xx 000 0 eng d | ||
| 020 | _a978-93-5208-098-4 | ||
| 037 | _aTextual | ||
| 040 |
_aFEDL _beng _cFEDL |
||
| 041 |
_aeng _2eng |
||
| 084 |
_a813.6, BAR _qFEDL |
||
| 100 |
_aBarone Sam _9782597 |
||
| 245 | 0 | _aQuest for honour | |
| 260 |
_aLondon, UK _bArrow Books Ltd. _c2010 |
||
| 300 | _a618p. | ||
| 546 | _aGifted by HOD. Namita Ranganathan | ||
| 942 |
_cTEXL _h813.6, BAR |
||
| 999 |
_c1398520 _d1398520 |
||